The usefulness of current value balance sheet, value added statement and corporate social responsibility information : a survey of accountants and investment analysis in Malaysia /
Saved in:
| Main Author: | |
|---|---|
| Format: | Thesis |
| Language: | English |
| Published: |
Gombak, Selangor :
Kulliyyah of Economics, International Islamic University Malaysia,
2006
|
| Subjects: | |
| Online Access: | Click here to view 1st 24 pages of the thesis. Members can view fulltext at the specified PCs in the library. |
| Tags: |
Add Tag
No Tags, Be the first to tag this record!
|
| LEADER | 023680000a22004090004500 | ||
|---|---|---|---|
| 001 | 361806 | ||
| 005 | 20230419142749.0 | ||
| 008 | 060817t2006 my a g 000 0 eng d | ||
| 035 | |a (Sirsi) 361806 | ||
| 040 | |a UIAM |b eng | ||
| 043 | |a a-my-- | ||
| 050 | 0 | 0 | |a HF5686.C7 |
| 100 | 0 | |a Wan Amalina Wan Abdullah @ Wan Muda |9 90293 | |
| 245 | 1 | 4 | |a The usefulness of current value balance sheet, value added statement and corporate social responsibility information : |b a survey of accountants and investment analysis in Malaysia / |c by Wan Amalina Binti Wan Abdullah @ Wan Muda |
| 260 | |a Gombak, Selangor : |b Kulliyyah of Economics, International Islamic University Malaysia, |c 2006 | ||
| 300 | |a xiv, 153 leaves : |b ill. ; |c 30 cm. | ||
| 336 | |2 rdacontent | ||
| 337 | |2 rdamedia | ||
| 338 | |2 rdacarrier | ||
| 500 | |a Abstract in English and Arabic. | ||
| 500 | |a ''A dissertation submitted in partial fulfilment of the requirement for the degree of Master of Science in Accounting''--On t.p. | ||
| 502 | |a Thesis (MSc. ACC) -- International Islamic University Malaysia, 2006 | ||
| 504 | |a Includes bibliographical references leaves (134 - 143). | ||
| 650 | 0 | |a Corporations |x Accounting |z Malaysia |9 62118 | |
| 650 | 0 | |a Social responsibility of business |z Malaysia |9 8521 | |
| 650 | 0 | |a Social responsibility of business |x Religious aspects Islam |9 90294 | |
| 650 | 0 | |a Investment analysis |9 12799 | |
| 655 | 0 | 7 | |a Theses, IIUM local |
| 690 | 0 | |a Dissertation, Academic |x Kulliyyah of Economics and Management Sciences |z IIUM |9 39113 | |
| 710 | 2 | |a International Islamic University Malaysia. |b Kulliyyah of Economics and Management Sciences |9 5054 | |
| 856 | 4 | |u http://studentrepo.iium.edu.my/handle/123456789/3661 |z Click here to view 1st 24 pages of the thesis. Members can view fulltext at the specified PCs in the library. | |
| 900 | |a hj-ajt-naw | ||
| 942 | |2 lcc |n 0 | ||
| 999 | |c 433909 |d 465447 | ||
| 952 | |0 0 |6 T HF 005686 C7W244U 2006 |7 0 |8 THESES |9 756249 |a IIUM |b IIUM |c MULTIMEDIA |g 0.00 |o t HF5686C7W244U 2006 |p 00001062981 |r 2017-10-19 |t 1 |v 0.00 |y THESIS | ||
| 952 | |0 0 |6 LU T HF5686C7W244U 2006 |7 0 |8 THESES |9 757714 |a IIUM |b IIUM |c CLOSEACCES |g 0.00 |o lu t HF5686C7W244U 2006 |p 00011279557 |r 2017-11-01 |t 1 |v 0.00 |y THESIS | ||
| 952 | |0 0 |6 TS CDF HF5686C7W244U 2006 |7 0 |8 THESES |9 824964 |a IIUM |b IIUM |c MULTIMEDIA |g 0.00 |o ts cdf HF5686C7W244U 2006 |p 00001052331 |r 2017-10-26 |t 1 |v 0.00 |y THESISDIG | ||
